000 00493nam a2200193Ia 4500
005 20240823025706.0
008 240823s9999||||xx |||||||||||||| ||und||
020 _a978-81-318-0563-3
041 _aENGLISH
082 _A511 P9
100 _aRajendra Prasad J et al.
245 0 _aMathematical Foundation of Computer Science
250 _a1st
260 _c2009
_bUNiversity Science
500 _aYES
650 _aMathematical Analysis
_bMathematics
942 _cBK
999 _c186925
_d186925